000 00986nam a2200277 a 4500
001 000028379
003 OSt
005 20260321073641.0
008 110408s2000 dr a 000 | spa d
020 _a9993410136
040 _aDO-SdBNP
_bspa
_cBNPHU
082 _a972.9301
_bB742i, 2000
100 1 _a Bosch, Juan,
_d1909-2001
_976555
245 1 0 _aIndios :
_bapuntes históricos y leyendas /
_cJuan Bosch ; introducción de José Juan Arrom.
250 _a5a. ed.
260 _aSanto Domingo :
_bAlfa & Omega,
_c2000.
300 _a75 p. :
_bil. ;
_c21 cm.
500 _aIncluye un diccionario de palabras indígenas usadas en el libro.
590 _aInventariado, 2020/MFF
650 4 _aIndígenas de las antillas
_zRepública Dominicana
_91048
650 4 _aIndígenas de las antillas
_zHaití
_944143
650 4 _aIndígenas de las antillas
_vFolclor
_91051
700 1 _aArrom, José Juan,
_eintrod.
_938701
910 _aValidado. Control de validad MFF
942 _2ddc
_cLBS1
999 _c27871
_d27871